00498nam a2200193 a 4500001001300000003000900013005001700022008004100039020001000080082001600090100001900106245001900125260003600144300000900180500003500189505004100224650002000265700001900285nice12345678IN_TiNIC20260116011304.0050524s1894 dela grp 000 0 urd  ac10000a297.32bBEG aBeg, Hafiz Ali aHafizur Kamal. aDelhibAlighar Universityc1894 a186p aincludes index and biblioraphy2 a12 Volumes in Bounded in Six Volumes aOccultism-Islam1 aBeg, Hafiz Ali